| 000 | 00922cad a22002295a 4500 | ||
|---|---|---|---|
| 001 | L153391 | ||
| 008 | 110720e2011 xxk 000 0 eng d | ||
| 035 | _a(Sirsi) u153391 | ||
| 041 | 0 | _aeng | |
| 100 | 1 | _aPittard, Steve | |
| 245 | 0 | 2 |
_aA model of information _bbuilding information modelling is here to stay _h[electronic resource] |
| 260 | _c2011 | ||
| 490 |
_aRICS Building Control _vApril 2011, 16-17(2) |
||
| 520 | _aExplains Building Information Modelling (BIM) which has been around for a while in the manufacturing and engineering industries, and is now making an impact in the construction sector. | ||
| 590 | _aKA | ||
| 650 | 2 | 4 | _aBUILDING INFORMATION MODELLING |
| 650 | 2 | 4 |
_aBIM _96219 |
| 651 | 4 | _aInternational | |
| 690 |
_aBIM _96219 |
||
| 856 | 4 | 0 |
_uhttps://www.rics.org/site/download_feed.aspx?fileID=9141&fileExtension=PDF _zView this item (member-only access) at www.rics.org/journals |
| 942 | _n0 | ||
| 999 |
_c83279 _d83279 |
||